00821nam a22002657a 4500003000900000005001700009008002400026017000900050020001800059035000600077040002500083082002800108100002800136240000600164245006900170260004300239300002100282490002100303500007400324534006700398650002100465650002800486650002000514830002100534DO-SdBNP20230811114223.0060721 2016 sp spa  a b  a9788498386677 a  aBPMSUbspacBPMSUe  4a823.91bR884h, 20162221 aRowling, J. K., d1965-10l 10aHarry Potter y el misterio del principe / cJ. K. Rowling h b  aBarcelona : bSalamandra,c2016.e f  a569 p. ;c23 cm.0 3Harry Potter v6 aIncluye datos biográficos de la autora en la solapa de la cubierta  aTítulo original : tHarry Potter and the half blood prince.  2NOVELA INGLESA  4aNovela juvenil inglesa  4vNovela 2Magia 0 aHarry Potter 36